000 01467namaa22003371i 4500
005 20260307142902.0
008 260210s1995 ua a|||frm||| 000 0 eng d
040 _aEG-GICUC
_beng
_cEG-GICUC
_dEG-GICUC
_erda
041 0 _aeng
_beng
_bara
049 _aDeposit
097 _aM.Sc
099 _aCai01.12.15.M.Sc.1995.Sa.G
100 0 _aSayed Mohamed Abd El- Aziz,
_epreparation.
245 1 0 _aGeologic studies of the upper eocene and oligocene Formations, North El- Fayoum province, Egypt /
_cBy Sayed Mohamed Abd El- Aziz; Supervisors Prof. Dr. A.M. Abdallah, Prof. Dr. N.M. Aboul-Ela, Dr. K. Shamah, Prof. Dr. A.M. El- Shershaby.
246 1 5 _aدراسات جيولوجية لتكوين الايوسين مقاطعة الفيوم مصر
264 0 _c1995.
300 _a225 Leaves
_billustrations
_c30 cm. +
336 _2rda content
_atext
337 _2rdamedia
_aUnmediated
338 _2rdacarrier
_avolume
502 _aThesis (M.Sc.)-Cairo University, 1995
504 _aBibliography: pages 204-225
653 0 _aupper eocene
_aoligocene Formations
700 0 _aA. M. Abdallah
_ethesis advisor.
700 0 _aN. M. Aboul-Ela
_ethesis advisor.
700 0 _aK. Shamah
_ethesis advisor.
700 0 _aA. M. El- Shershaby
_ethesis advisor.
900 _DDepartment of Geology
_FFaculty of Science
_UCairo University
_b1995
_cA. M. Abdallah
_cN. M. Aboul-Ela
_cK. Shamah
_cA. M. El- Shershaby
905 _aNehad
_eNourhan
942 _2ddc
_cTH
_e21
_n0
999 _c178349